|
|
|
|
| LEADER |
01259nam a22003254a 4500 |
| 001 |
35487 |
| 003 |
BD-DhAAL |
| 005 |
20211129145832.0 |
| 008 |
190912t2004 caua b 001 0 eng |
| 999 |
|
|
|c 41215
|d 41215
|
| 010 |
|
|
|a 2003010926
|
| 020 |
|
|
|a 076199775X (pbk.)
|
| 020 |
|
|
|a 0761997741
|
| 020 |
|
|
|a 9780761997757
|
| 020 |
|
|
|a 8178292599
|
| 040 |
|
|
|a DLC
|c DLC
|d DLC
|d BD-DhAAL
|
| 042 |
|
|
|a pcc
|
| 050 |
0 |
0 |
|a RJ135
|b .V465 2004
|
| 082 |
0 |
0 |
|a 618.92
|2 21
|
| 100 |
1 |
|
|a Venkatesan, S.
|9 34456
|
| 245 |
1 |
0 |
|a Children with developmental disabilities :
|b a training guide for parents, teachers, and caregivers /
|c S. Venkatesan.
|
| 260 |
|
|
|a Thousand Oaks ;
|a New Delhi :
|b Sage Publications,
|c 2004.
|
| 300 |
|
|
|a 251 pages :
|b illustrations ;
|c 23 cm.
|
| 504 |
|
|
|a Includes bibliographical references (p. [244]-247) and index.
|
| 526 |
|
|
|a BIED
|
| 541 |
|
|
|a Complimentary copy from BIED
|e 35487
|
| 650 |
|
0 |
|a Developmentally disabled children
|x Care.
|9 34457
|
| 852 |
|
|
|a Ayesha Abed Library
|c BIED Collection
|
| 942 |
|
|
|2 ddc
|c BK
|
| 952 |
|
|
|0 0
|1 0
|2 ddc
|4 0
|6 618_920000000000000_VEN
|7 0
|9 66251
|a BRACUL
|b BRACUL
|c GEN
|d 2019-09-12
|e Complimentary copy from BIED
|l 0
|o 618.92 VEN
|p 3010035487
|r 2024-12-19
|t 1
|w 2019-09-12
|y BK
|x Transferred from BIED to General Stacks
|